Император Александр I и старец Феодор Кузьмич (Запись № 5979042)

Подробности
000 -МАРКЕР
контрольное поле 02325nam0a22004091 4500
001 - ИДЕНТИФИКАТОР ЗАПИСИ
контрольное поле v19\rc\1868931
005 - ИДЕНТИФИКАТОР ВЕРСИИ
контрольное поле 20260406150934.0
035 ## - ДРУГИЕ СИСТЕМНЫЕ НОМЕРА
Идентификатор записи (NLR Aleph) 004960538
100 ## - ДАННЫЕ ОБЩЕЙ ОБРАБОТКИ
Данные общей обработки 20080221d1910 u y0rusy50 ca
101 0# - ЯЗЫК РЕСУРСА
Язык текста, звукозаписи и т.д. русский
102 ## - СТРАНА ПУБЛИКАЦИИ ИЛИ ПРОИЗВОДСТВА
Страна публикации российская федерация
105 ## - ПОЛЕ КОДИРОВАННЫХ ДАННЫХ: ТЕКСТОВЫЕ МАТЕРИАЛЫ, МОНОГРАФИЧЕСКИЕ
Кодированные данные о монографическом текстовом документе ac z |||||
200 1# - ЗАГЛАВИЕ И СВЕДЕНИЯ ОБ ОТВЕТСТВЕННОСТИ
Основное заглавие Император Александр I и старец Феодор Кузьмич
Сведения, относящиеся к заглавию По воспоминаниям современников и документам
-- Со многими рис. и портр.
Первые сведения об ответственности Г. Василич
Последующие сведения об ответственности [Предисл.: Г. Балицкий]
205 ## - СВЕДЕНИЯ ОБ ИЗДАНИИ
Сведения об издании 2-е изд.
210 ## - ПУБЛИКАЦИЯ, РАСПРОСТРАНЕНИЕ И ДР.
Место издания, распространения и т.д. Москва
Имя издателя, распространителя и т. д. Образование
Дата издания, распространения и т.д. 1910
215 ## - ФИЗИЧЕСКАЯ ХАРАКТЕРИСТИКА
Специфическое обозначение материала и объем 157, [3] с., [8] л. ил., портр.
Размеры 26
225 1# - СЕРИЯ
Основное заглавие серии Московское книгоиздательское товарищество "Образование"
Обозначение тома № 7
300 ## - ОБЩИЕ ПРИМЕЧАНИЯ
Текст примечания Загл. обл.: Легенда о старце Кузьмиче и Александре I
300 ## - ОБЩИЕ ПРИМЕЧАНИЯ
Текст примечания На 2-м тит. л. загл.: Легенда о старце Кузьмиче и Александре I. Русская быль
316 ## - ПРИМЕЧАНИЯ ОБ ОСОБЕННОСТЯХ ЭКЗЕМПЛЯРА
Текст примечания Экз. РНБ (37.75.3.60): 2-й экз. деф.: отсутствуют 3 л. ил.
Организация и экземпляр, к которому относится поле NLR: 37.75.3.60
512 0# - ЗАГЛАВИЕ ОБЛОЖКИ
Заглавие обложки Легенда о старце Кузьмиче и Александре I
517 0# - ДРУГИЕ ВАРИАНТЫ ЗАГЛАВИЯ
Вариант заглавия Легенда о старце Кузьмиче и Александре I. Русская быль
532 11 - РАСШИРЕННОЕ ЗАГЛАВИЕ
Заглавие Император Александр Первый и старец Феодор Кузьмич
700 #1 - ИМЯ ЛИЦА - ПЕРВИЧНАЯ ОТВЕТСТВЕННОСТЬ
Графика поля Кириллица
Материалы, к которым относится поле rus
Начальный элемент ввода Балицкий
Часть имени, кроме начального элемента ввода Г. В.
Дополнения к именам, кроме дат историк
Расширение инициалов личного имени Григорий Васильевич
Системный номер авторитетной/нормативной записи 267626
Идентификатор авторитетной/нормативной записи RU\NLR\AUTH\770267682
702 #1 - ИМЯ ЛИЦА - ВТОРИЧНАЯ ОТВЕТСТВЕННОСТЬ
Код отношения Автор введения, предисловия, примечания и т.п.
Графика поля Кириллица
Материалы, к которым относится поле rus
Начальный элемент ввода Балицкий
Часть имени, кроме начального элемента ввода Г. В.
Дополнения к именам, кроме дат историк
Расширение инициалов личного имени Григорий Васильевич
Системный номер авторитетной/нормативной записи 267626
Идентификатор авторитетной/нормативной записи RU\NLR\AUTH\770267682
702 #0 - ИМЯ ЛИЦА - ВТОРИЧНАЯ ОТВЕТСТВЕННОСТЬ
Код отношения Прочие
Материалы, к которым относится поле rus
Графика поля Кириллица
Начальный элемент ввода Александр
Дополнения к именам, кроме дат император российский
Римские цифры I
Даты 1777-1825
Идентификатор авторитетной/нормативной записи RU\NLR\AUTH\775342
Системный номер авторитетной/нормативной записи 115306
702 #0 - ИМЯ ЛИЦА - ВТОРИЧНАЯ ОТВЕТСТВЕННОСТЬ
Код отношения Прочие
Материалы, к которым относится поле rus
Графика поля Кириллица
Начальный элемент ввода Федор Кузьмич
Дополнения к именам, кроме дат старец
Даты -1864
Идентификатор авторитетной/нормативной записи RU\NLR\AUTH\7711798
Системный номер авторитетной/нормативной записи 121538
801 #0 - ИСТОЧНИК ЗАПИСИ
Страна российская федерация
Организация NLR
Правила каталогизации psbo
801 #0 - ИСТОЧНИК ЗАПИСИ
Страна российская федерация
Организация RuMoRGB
Источник данных psbo
801 #1 - ИСТОЧНИК ЗАПИСИ
Страна российская федерация
Организация ProSoft-M
Источник данных rusmarc
852 ## - МЕСТОНАХОЖДЕНИЕ И ШИФР ХРАНЕНИЯ
Идентификатор организации NLR
Шифр хранения (Call Number) 37.75.3.60
899 ## - ДАННЫЕ О МЕСТОНАХОЖДЕНИИ (устаревшее)
Местонахождение RuMoRGB
Шифр хранения U 161/116 (7)
899 ## - ДАННЫЕ О МЕСТОНАХОЖДЕНИИ (устаревшее)
Местонахождение НБ СПбГУ
899 ## - ДАННЫЕ О МЕСТОНАХОЖДЕНИИ (устаревшее)
Местонахождение ГПИБ
942 ## - ДОПОЛНИТЕЛЬНЫЕ ЭЛЕМЕНТЫ ЗАПИСИ (АБИС)
Тип экземпляра АБИС Книга
980 ## - КОЛЛЕКЦИЯ
Название коллекции Национальная библиография
Экземпляры
Тип экземпляра Дата поступления Библиотека постоянного хранения Библиотека текущего хранения Место хранения Шифр хранения Штрих-код Статус не для выдачи
Книга 26.10.2013 РНБ (Московский) РНБ (Московский) Неопределен, для заказа не доступен, в ЭК виден   4960538-30  
Книга 26.10.2013 РНБ (Московский) РНБ (Московский) Неопределен, для заказа не доступен, в ЭК виден   4960538-40  
Книга 26.10.2013 РНБ (Садовая) РНБ (Садовая) Русский книжный фонд -Главное здание, Ленинский читальный зал 37.75.3.60 4960538-10